Ngôn ngữ các dân tộc thiểu số ở Việt Nam và chính sách ngôn ngữ

保存先:
書誌詳細
第一著者: Hoàng Tuệ
フォーマット: 図書
言語:Undetermined
出版事項: Hà Nội KHXH 1984
主題:
タグ: タグ追加
タグなし, このレコードへの初めてのタグを付けませんか!
Thư viện lưu trữ: Trung tâm Học liệu Trường Đại học Cần Thơ
LEADER 00562nam a2200169Ia 4500
001 CTU_613
008 210402s9999 xx 000 0 und d
082 |a 495.922 
082 |b T507 
100 |a Hoàng Tuệ 
245 0 |a Ngôn ngữ các dân tộc thiểu số ở Việt Nam và chính sách ngôn ngữ 
245 0 |c Hoàng Tuệ, Hoàng Văn Ma, Nguyễn Văn Tài 
260 |a Hà Nội 
260 |b KHXH 
260 |c 1984 
650 |a vietnamese language 
980 |a Trung tâm Học liệu Trường Đại học Cần Thơ